Report on labour conditions in the chemical industry (Record no. 485003)

000 -LEADER
fixed length control field 00459cam a22001337a 4500
008 - FIXED-LENGTH DATA ELEMENTS--GENERAL INFORMATION
fixed length control field 180718b1946 xxu||||| |||| 00| 0 eng d
082 ## - DEWEY DECIMAL CLASSIFICATION NUMBER
Classification number R6:T214x54 In2
245 ## - TITLE STATEMENT
Title Report on labour conditions in the chemical industry
Statement of responsibility, etc. by Labour Investigation Committee
260 ## - PUBLICATION, DISTRIBUTION, ETC.
Place of publication, distribution, etc. Delhi
Name of publisher, distributor, etc. The Manager of Publications
Date of publication, distribution, etc. 1946
300 ## - PHYSICAL DESCRIPTION
Extent 72p.
650 ## - SUBJECT ADDED ENTRY--TOPICAL TERM
Topical term or geographic name entry element Work environment - India
650 ## - SUBJECT ADDED ENTRY--TOPICAL TERM
Topical term or geographic name entry element Chemical industry - India
700 ## - ADDED ENTRY--PERSONAL NAME
Personal name India. Labour Investigation Committee
Holdings
Withdrawn status Lost status Damaged status Not for loan Permanent Location Current Location Date acquired Full call number Barcode Date last seen Price effective from Koha item type
        Indian Institute of Public Administration Indian Institute of Public Administration 2018-08-04 R6:T214x54 In2 G3807 2018-08-04 2018-08-04 G

Powered by Koha